|
|
|
|
| LEADER |
01215nam a2200277 u 4500 |
| 001 |
10024447 |
| 003 |
upatras |
| 005 |
20210117205846.0 |
| 008 |
960408s1987 ne eng |
| 020 |
|
|
|a 0444702334
|q (Δερματόδετο)
|
| 040 |
|
|
|a GR-PaULI
|c GR-PaULI
|
| 041 |
0 |
|
|a eng
|a rus
|
| 050 |
|
4 |
|a 87-6867
|
| 100 |
1 |
|
|a Godunov, Sergei Konstantinovich
|9 56356
|
| 245 |
1 |
0 |
|a Difference schemes
|b An introduction to the underlying theory
|c S. K. Godunov and V. S. Ryabenkii ; English translation by: E. M. Gelbard
|
| 260 |
|
|
|a Amsterdam
|b North-Holland
|c 1987
|
| 300 |
|
|
|a xvii, 489 p.
|b fig.
|c 23 cm
|
| 490 |
0 |
|
|a Studies in mathematics and its applications
|v v.19
|
| 505 |
1 |
|
|a Includes appendix . - bibliography . - index
|
| 650 |
|
4 |
|9 671
|a Εξισώσεις, Μη γραμμικές διαφορικές
|
| 700 |
1 |
|
|a Gelbard, E. M.
|9 150705
|
| 760 |
1 |
|
|a Studies in mathematics and its applications
|g v.19
|
| 852 |
|
|
|a GR-PaULI
|b ΠΑΤΡΑ
|b ΦΥΣΙΚΟ
|k ΑΕΧ-1
|h 515.38 GOD
|m 03421
|p 025000017947
|t 1
|
| 942 |
|
|
|2 ddc
|c BK15
|
| 952 |
|
|
|0 0
|1 0
|4 0
|6 515_380000000000000_GOD
|7 0
|9 193635
|a PHYS
|b PHYS
|d 2016-04-24
|i 03421
|l 0
|o 515.38 GOD
|p 025000017947
|r 2016-04-24 00:00:00
|t 1
|w 2016-04-24
|y BK15
|
| 999 |
|
|
|c 118716
|d 118716
|